000 00586nam a22002057a 4500
999 _c8320
_d8320
001 21762
003 BD-DhUAP
005 20230605124647.0
008 230605b2013 uk a|||| |||| 000 0 eng d
020 _a9780230451513
040 _aBD-DhUAP
_beng
_cBD-DhUAP
_dBD-DhUAP
082 _222
_a428.34 JOH
100 _aJohnston, Olivia.
245 _aMotivate :
_bWorkbook /
_c Olivia Johnston.
260 _aLondon :
_bMACMILLAN,
_c2013.
300 _a144 p. ;
_bInclude Illustrations ; 2 audio CDs
_c25 cm.
650 _aEnglish
_xGrammar
650 _aEnglish
_xVocabulary
942 _2ddc
_cBK